People at war: 1939-1945 (Record no. 53299)

MARC details
000 -LEADER
fixed length control field 00564nam a2200157 a 4500
008 - FIXED-LENGTH DATA ELEMENTS--GENERAL INFORMATION
fixed length control field 120416s1974 ||||||||||||||||| || u
020 ## - INTERNATIONAL STANDARD BOOK NUMBER
International Standard Book Number 0715394576
050 ## - LIBRARY OF CONGRESS CALL NUMBER
Classification number D 743 Peo
100 ## - MAIN ENTRY--PERSONAL NAME
Personal name Moynihan, Michael
245 10 - TITLE STATEMENT
Title People at war: 1939-1945
Statement of responsibility, etc. edited by Michael Moynihan
260 ## - PUBLICATION, DISTRIBUTION, ETC.
Place of publication, distribution, etc. New York:
Name of publisher, distributor, etc. David and Charles
Date of publication, distribution, etc. 1974
300 ## - PHYSICAL DESCRIPTION
Extent 216p.
350 ## - PRICE (NR) (BK AM CF MU VM SE) [OBSOLETE]
Price 0.00
650 #0 - SUBJECT ADDED ENTRY--TOPICAL TERM
Topical term or geographic name entry element AFRICA--HISTORY
995 ## - RECOMMENDATION 995 [LOCAL, UNIMARC FRANCE]
-- 0.00
-- CBU-MAIN LIBRARY (Kitwe)
-- 1
-- 4.95
-- 1
-- AVAILABLE
-- Jun 23, 2006
-- Main Library Open Access Collection
Holdings
Withdrawn status Lost status Source of classification or shelving scheme Damaged status Not for loan Home library Current library Shelving location Date acquired Total Checkouts Full call number Barcode Date last seen Price effective from Koha item type
          CBU-MAIN LIBRARY, KITWE. CBU-MAIN LIBRARY, KITWE.   11/30/2022   D 743 Peo 000570 11/30/2022 11/30/2022 MONOGRAPH